Study Guide for Journey to Health : (Record no. 6399)

MARC details
000 -LEADER
fixed length control field 00522nam a22001817a 4500
005 - DATE AND TIME OF LATEST TRANSACTION
control field 20250804111225.0
008 - FIXED-LENGTH DATA ELEMENTS--GENERAL INFORMATION
fixed length control field 250804b |||||||| |||| 00| 0 eng d
020 ## - INTERNATIONAL STANDARD BOOK NUMBER
International Standard Book Number 0495015512
040 ## - CATALOGING SOURCE
Transcribing agency NONE
082 ## - DEWEY DECIMAL CLASSIFICATION NUMBER
Classification number W18.2 R3901 2007
100 ## - MAIN ENTRY--PERSONAL NAME
Personal name Richards, Donna Beck
9 (RLIN) 14580
245 ## - TITLE STATEMENT
Title Study Guide for Journey to Health :
Remainder of title Mind- Body -Spirit /
Statement of responsibility, etc. Donna Beck Richards
250 ## - EDITION STATEMENT
Edition statement 3RD ED.
260 ## - PUBLICATION, DISTRIBUTION, ETC.
Place of publication, distribution, etc. Australia :
Name of publisher, distributor, etc. Thomson;
Date of publication, distribution, etc. c2007.
300 ## - PHYSICAL DESCRIPTION
Extent XIII,236P.:
Other physical details ill.
Dimensions 26cm.
650 ## - SUBJECT ADDED ENTRY--TOPICAL TERM
Topical term or geographic name entry element Health
9 (RLIN) 3363
942 ## - ADDED ENTRY ELEMENTS (KOHA)
Source of classification or shelving scheme Dewey Decimal Classification
Koha item type Books
Holdings
Withdrawn status Lost status Source of classification or shelving scheme Damaged status Not for loan Home library Current library Shelving location Date acquired Total Checkouts Full call number Barcode Date last seen Price effective from Koha item type
    Dewey Decimal Classification     Main Library Main Library Open Shelves 08/04/2025   W18.2 R3901 2007 2022-0373 08/04/2025 08/04/2025 Books

Lira University Library | Lira University P.O Box 1035 Lira, Uganda
Tel : +256471660489 E-mail : library@lirauni.ac.ug